|
|
|
|
| LEADER |
00000nab#a22000007a#4500 |
| 001 |
arbauad029046 |
| 003 |
AR-BaUAD |
| 005 |
20250711112345.0 |
| 008 |
971103|||||||||###||||||b###|0###a|spa|| |
| 040 |
|
|
|a AR-BaUAD
|c AR-BaUAD
|b spa
|
| 100 |
|
|
|a Harz, Christopher
|
| 245 |
|
|
|a Internet animation hardware part two :
|b sometimes bigger is better /
|c Christopher Harz;
|
| 300 |
0 |
|
|b fot.
|
| 500 |
|
|
|a Artículo sobre el equipamiento ideal para animación en internet.
|
| 653 |
|
|
|a ANIMACION
|
| 653 |
|
|
|a INTERNET
|
| 653 |
|
|
|a EQUIPAMIENTO
|
| 653 |
|
|
|a HARDWARE
|
| 653 |
|
|
|a ANIMACION DIGITAL
|
| 773 |
0 |
|
|t ANIMATION MAGAZINE
|g no. 60 [oct. 1997], p. 51-58
|
| 942 |
|
|
|c ARTI
|
| 952 |
|
|
|0 0
|1 0
|4 0
|7 0
|9 73965
|a AR-BAuAD
|b AR-BAuAD
|d 2025-07-11
|l 0
|p AAQA029046
|r 2025-07-11 11:23:45
|w 2025-07-11
|y ARTI
|
| 990 |
|
|
|a C199
|b TD
|
| 998 |
|
|
|a AAQ
|b BIBUN76
|
| 999 |
|
|
|c 53638
|d 53638
|